Educación: su reforma en nuestros tiempos /
Uloženo v:
| Hlavní autor: | |
|---|---|
| Médium: | Text |
| Tagy: |
Přidat tag
Žádné tagy, Buďte první, kdo vytvoří štítek k tomuto záznamu!
|
MARC
| LEADER | 00000 a a2200000 04500 | ||
|---|---|---|---|
| 001 | 17376 | ||
| 003 | |||
| 040 | |||
| 100 | |a Wing - Ching Sandí, Isabel | ||
| 245 | |a Educación: |b su reforma en nuestros tiempos / |c Isabel Wing - Ching Sandí | ||
| 773 | |g número 4; páginas 145-195 | ||
| 999 | |c 32967 |d 32967 | ||
